<?xml version="1.0" encoding="UTF-8"?>
<marc:record xmlns:marc="http://www.loc.gov/MARC21/slim">
   <marc:leader>00000nam a2200000 a 4500</marc:leader>
   <marc:datafield ind1="1" ind2=" " tag="100">
      <marc:subfield code="a">Graf, Danielle</marc:subfield>
      <marc:subfield code="4">aut</marc:subfield>
      <marc:subfield code="e">Verfasser/-in</marc:subfield>
   </marc:datafield>
   <marc:datafield ind1="1" ind2=" " tag="100">
      <marc:subfield code="a">Seide, Katja</marc:subfield>
      <marc:subfield code="4">aut</marc:subfield>
      <marc:subfield code="e">Verfasser/-in</marc:subfield>
   </marc:datafield>
   <marc:datafield ind1="1" ind2=" " tag="100">
      <marc:subfield code="a">Jakobs, Günther</marc:subfield>
   </marc:datafield>
   <marc:datafield ind1="0" ind2="0" tag="245">
      <marc:subfield code="a">Maxi, beeil dich!</marc:subfield>
   </marc:datafield>
   <marc:datafield ind1="0" ind2="0" tag="245">
      <marc:subfield code="c">Graf, Danielle</marc:subfield>
   </marc:datafield>
   <marc:datafield ind1=" " ind2="1" tag="264">
      <marc:subfield code="a">Weinheim</marc:subfield>
      <marc:subfield code="b">Julius Beltz GmbH &amp; Co. KG</marc:subfield>
      <marc:subfield code="c">2022</marc:subfield>
   </marc:datafield>
   <marc:datafield ind1=" " ind2=" " tag="250">
      <marc:subfield code="a">1. Auflage</marc:subfield>
   </marc:datafield>
   <marc:datafield ind1="1" ind2=" " tag="520">
      <marc:subfield code="a">Angaben aus der Verlagsmeldung&#xD;
&#xD;
Maxi, beeil dich! : Vierfarbiges Pappbilderbuch / von Danielle Graf, Katja Seide&#xD;
&#xD;
Maxi quietscht, als Papa Maxi am Morgen weckt. Das Licht ist vieeel zu hell! Im Badezimmer winkt schon der Waschlappen  brrr, zu kalt! Und der fiese Kleiderschrank steckt voll pieksiger Kakteen-Socken und stachliger Pullover. In der Küche lockt ein echtes Abenteur: Die grüne Tapete ist ein dichter Dschungel und Papa hantiert als T-Rex mit dem Müsli. Unmöglich da zu frühstücken! Ob Papa und Maxi es trotzdem noch pünktlich aus der Haustür schaffen?&#xD;
Einfühlend, blicköffnend und bedürfnisorientiert erzählen die Wunschkind-Erfolgsautorinnen vom allmorgendlichen Hürdenlauf und wie Familien ihn leichtfüßiger gemeinsam bewältigen können.</marc:subfield>
   </marc:datafield>
   <marc:datafield ind1=" " ind2=" " tag="020">
      <marc:subfield code="a">9783407756275</marc:subfield>
      <marc:subfield code="9">9783407756275</marc:subfield>
   </marc:datafield>
   <marc:datafield ind1=" " ind2=" " tag="020">
      <marc:subfield code="a">3407756275</marc:subfield>
      <marc:subfield code="9">3407756275</marc:subfield>
   </marc:datafield>
   <marc:datafield ind1=" " ind2=" " tag="041">
      <marc:subfield code="a">ger</marc:subfield>
   </marc:datafield>
   <marc:datafield ind1=" " ind2=" " tag="338">
      <marc:subfield code="a">Band</marc:subfield>
   </marc:datafield>
   <marc:datafield ind1=" " ind2=" " tag="300">
      <marc:subfield code="a">22 Seiten</marc:subfield>
   </marc:datafield>
</marc:record>
